Statistics for Kitakami Pokedex

Click here to take the quiz!

General Stats

  • This quiz has been taken 88 times
  • The average score is 137 of 200

Answer Stats

#Answer% Correct
035Appletun
97%
033Applin
97%
034Flapple
97%
036Dipplin
94%
039Poliwag
94%
040Poliwhirl
94%
041Poliwrath
94%
015Leavanny
91%
042Politoed
91%
013Sewaddle
91%
014Swadloon
91%
002Ariados
88%
132Hakamo-o
88%
131Jangmo-o
88%
133Kommo-o
88%
008Mightyena
88%
007Poochyena
88%
001Spinarak
88%
023Bellsprout
84%
011Corphish
84%
012Crawdaunt
84%
080Geodude
84%
082Golem
84%
081Graveler
84%
049Heracross
84%
200Ogerpon
84%
021Pikachu
84%
076Poltchageist
84%
022Raichu
84%
077Sinistcha
84%
050Swinub
84%
085Timburr
84%
025Victreebel
84%
024Weepinbell
84%
019Arbok
81%
087Conkeldurr
81%
016Cutiefly
81%
018Ekans
81%
086Gurdurr
81%
104Lotad
81%
052Mamoswine
81%
038Ninetales
81%
055Nuzleaf
81%
197Okidogi
81%
020Pichu
81%
051Piloswine
81%
006Quagsire
81%
017Ribombee
81%
054Seedot
81%
056Shiftry
81%
037Vulpix
81%
005Wooper
81%
003Yanma
81%
004Yanmega
81%
060Gallade
78%
059Gardevoir
78%
058Kirlia
78%
105Lombre
78%
106Ludicolo
78%
145Magcargo
78%
068Phantump
78%
057Ralts
78%
116Sandshrew
78%
117Sandslash
78%
144Slugma
78%
195Basculegion
75%
194Basculin
75%
148Chandelure
75%
121Gligar
75%
147Lampent
75%
146Litwick
75%
065Lucario
75%
198Munkidori
75%
108Probopass
75%
064Riolu
75%
030Staraptor
75%
029Staravia
75%
028Starly
75%
069Trevenant
75%
196Ursaluna
75%
199Fezandipiti
72%
027Furret
72%
118Gastly
72%
120Gengar
72%
122Gliscor
72%
044Gyarados
72%
119Haunter
72%
010Illumise
72%
135Koffing
72%
043Magikarp
72%
128Mandibuzz
72%
095Morpeko
72%
102Munchlax
72%
107Nosepass
72%
115Oricorio
72%
026Sentret
72%
103Snorlax
72%
009Volbeat
72%
127Vullaby
72%
136Weezing
72%
101Annihilape
69%
113Charjabug
69%
158Feebas
69%
112Grubbin
69%
045Hoothoot
69%
099Mankey
69%
159Milotic
69%
046Noctowl
69%
186Pawniard
69%
100Primeape
69%
114Vikavolt
69%
047Aipom
66%
048Ambipom
66%
079Arcanine
66%
187Bisharp
66%
134Bombirdier
66%
155Bronzong
66%
154Bronzor
66%
140Dusclops
66%
141Dusknoir
66%
139Duskull
66%
180Goodra
66%
178Goomy
66%
078Growlithe
66%
092Hatenna
66%
094Hatterene
66%
093Hattrem
66%
124Houndoom
66%
188Kingambit
66%
110Luxio
66%
111Luxray
66%
168Salandit
66%
169Salazzle
66%
109Shinx
66%
179Sliggoo
66%
181Ducklett
63%
174Froslass
63%
173Glalie
63%
156Glimmet
63%
192Grimmsnarl
63%
123Houndour
63%
190Impidimp
63%
067Lilligant
63%
071Lycanroc
63%
191Morgrem
63%
066Petilil
63%
070Rockruff
63%
172Snorunt
63%
149Surskit
63%
182Swanna
63%
074Toedscool
63%
075Toedscruel
63%
151Cleffa
59%
185Cramorant
59%
165Gabite
59%
166Garchomp
59%
164Gible
59%
157Glimmora
59%
150Masquerain
59%
170Sneasel
59%
171Weavile
59%
162Barboach
56%
153Clefable
56%
152Clefairy
56%
088Noibat
56%
089Noivern
56%
163Whiscash
56%
053Stantler
53%
177Eelektross
50%
061Kricketot
50%
062Kricketune
50%
137Mienfoo
50%
138Mienshao
50%
189Mimikyu
50%
096Orthworm
50%
175Tynamo
50%
167Carbink
47%
176Eelektrik
47%
098Maushold
47%
097Tandemaus
47%
090Arrokuda
44%
091Barraskewda
44%
083Bonsly
44%
031Fomantis
44%
073Greedent
44%
126Grumpig
44%
193Indeedee
44%
032Lurantis
44%
063Pachirisu
44%
072Skwovet
44%
125Spoink
44%
084Sudowoodo
44%
160Dunsparce
38%
183Chewtle
34%
143Chimecho
34%
142Chingling
34%
184Drednaw
34%
161Dudunsparce
34%
129Mudbray
28%
130Mudsdale
28%

Score Distribution

Percentile by Number Answered

Percent of People with Each Score

Your Score History

You have not taken this quiz